| 000 | 02063cam0 2200445 ib4500 | ||
|---|---|---|---|
| 001 | BY-HR0007-br56137348 | ||
| 005 | 20260320155113.0 | ||
| 010 |
^a978-5-17-159837-2 ^bв переплете |
||
| 100 | ^a20251212d2024 c y0rusy50 ca | ||
| 101 | 0 | ^arus | |
| 102 | ^aRU | ||
| 105 | ^aa z 000ay | ||
| 109 | ^ama | ||
| 181 | 0 | ^ai3 | |
| 181 | 0 |
^ab1 ^b b2e |
|
| 182 | 0 | ^an | |
| 200 | 1 |
^aАлиса Селезнева и тайна Третьей планеты ^eсказочные истории ^e[для младшего школьного возраста] ^fКир Булычев ^g[художник Е. Муратова] |
|
| 203 |
^aТекст ^aИзображение ^bнеподвижное ^bдвухмерное ^cнепосредственные |
||
| 210 |
^aМосква ^cАСТ ^d2024 |
||
| 215 |
^a93, [2] с. ^cцв. ил. ^d25 см |
||
| 327 | 0 | ^aСодержание: Алиса Селезнева на планете загадок | |
| 333 | ^a0+ | ||
| 345 | ^940 000 экз. | ||
| 464 | 0 |
^12001 ^aАлиса Селезнева на планете загадок |
|
| 517 | 1 | ^aАлиса Селезнёва и тайна Третьей планеты | |
| 608 |
^aДЕТСКАЯ И ЮНОШЕСКАЯ ЛИТЕРАТУРА (художеств. произведение) ^3BY-NLB-ar9019 ^2BYGNR |
||
| 606 |
^aРУССКАЯ ЛИТЕРАТУРА ^3BY-NLB-ar28702 ^2DVNLB |
||
| 608 |
^aСКАЗОЧНАЯ ПОВЕСТЬ ^3BY-NLB-ar3140829 ^2BYGNR |
||
| 686 |
^a84(2Рос)6-4 ^2rubbk |
||
| 690 |
^a1 ^2Base ^9BY-MI0000 ^xRSEK |
||
| 700 | 1 |
^aБулычев ^bК. ^3BY-NLB-ar2455579 |
|
| 702 | 1 |
^aМуратова ^bЕ. Л. ^gЕкатерина Леонидовна ^cхудожник ^3BY-SEK-ar14974172 ^4040 |
|
| 801 | 0 |
^aBY ^bBY-HR0007 ^c20251212 ^gRCR |
|
| 801 | 2 |
^aBY ^bBY-MI0000 ^c20260310 ^gRCR |
|
| 035 | ^a(BY-MI0000)BY-HR0007-br56137348 | ||
| 899 | 0 |
^aBY-MI0000 ^iБ90 ^h84(2Рос)6 |
|